Corpus juris civilis academicum, in sua partes distributum, usuique moderno ita accommodatum, ut nunc studiosorum quivis, etiam tyro, uno quasi intuitu, omnesleges digestorum & codicis, omnesque títulos institutionum invenire possit (Record no. 8780)

MARC details
000 -CABECERA
campo de control de longitud fija 01057nam a2200217 a 4500
001 - NÚMERO DE CONTROL
campo de control BRCA_9132
005 - FECHA Y HORA DE LA ÚLTIMA TRANSACCIÓN
campo de control 20190320210530.0
008 - DATOS DE LONGITUD FIJA--INFORMACIÓN GENERAL
campo de control de longitud fija 061017s1775----sp-#######---#000-0#lat-#
041 ## - CÓDIGO DE LENGUA
Código de lengua del texto/banda sonora o título independiente lat
084 ## - OTRO NÚMERO DE CLASIFICACIÓN
Número de clasificación CO38
Número de documento/Ítem .C67 1775
100 1# - ENTRADA PRINCIPAL--NOMBRE DE PERSONA
Nombre de persona Christoph. Henr.
9 (RLIN) 22511
245 10 - MENCIÓN DE TÍTULO
Título Corpus juris civilis academicum, in sua partes distributum, usuique moderno ita accommodatum, ut nunc studiosorum quivis, etiam tyro, uno quasi intuitu, omnesleges digestorum & codicis, omnesque títulos institutionum invenire possit
Mención de responsabilidad, etc. auctore Christoph. Henr.; editio nova, revisa, et a plurimis mendis repurgata, nec non Locis Parallelis seque invicem illustrantibus adaucta; tomus II.
260 ## - PUBLICACIÓN, DISTRIBUCIÓN, ETC.
Lugar de publicación, distribución, etc. Coloniae Munatianae
Nombre del editor, distribuidor, etc. Sumptibus Emanuelis Thurneysen
Fecha de publicación, distribución, etc. 1775
300 ## - DESCRIPCIÓN FÍSICA
Extensión 817 p. (t.2)
Dimensiones 26.5 x 21 cm
500 ## - NOTA GENERAL
Nota general Cum privilegio sacrae caesareae majestatis
500 ## - NOTA GENERAL
Nota general Estado físico: presenta encuadernación en pergamino con lomo semi desprendido y sin cintas
650 14 - PUNTO DE ACCESO ADICIONAL DE MATERIA--TÉRMINO DE MATERIA
Término de materia o nombre geográfico como elemento de entrada Derecho romano
9 (RLIN) 21676
650 14 - PUNTO DE ACCESO ADICIONAL DE MATERIA--TÉRMINO DE MATERIA
Término de materia o nombre geográfico como elemento de entrada Derecho feudal
9 (RLIN) 22512
902 ## - CATALOGADOR
Iniciales CFM
942 ## - ELEMENTOS DE PUNTO DE ACCESO ADICIONAL (KOHA)
Fuente del sistema de clasificación o colocación Library of Congress Classification
Tipo de ítem Koha Libros
Holdings
Estado de retiro Estado de pérdida Estado dañado No para préstamo Localización permanente Ubicación/localización actual Fecha de adquisición Total de préstamos Signatura topográfica completa Código de barras Fecha visto por última vez Precio válido a partir de Tipo de ítem Koha
El ejemplar forma parte de la colección y puede ser consultado según las políticas vigentes.       Biblioteca del Museo Franz Mayer (Rogerio Casas-Alatriste) Biblioteca del Museo Franz Mayer (Rogerio Casas-Alatriste) 06/10/2017   CO38 .C67 1775 CFM00489 22/03/2019 22/03/2019 Libros